| 000 | 01501nam a2200349 c 4500 | ||
|---|---|---|---|
| 003 | BLK | ||
| 005 | 20180420233742.0 | ||
| 008 | 180410b bul|||||r ||||||| ||bul|| | ||
| 010 | _aKNG00155337000 | ||
| 040 | _aBLK | ||
| 041 |
_aBUL _cBUL |
||
| 080 |
_aФотографски процеси с използуване на неорганични вещества или физически явления _b772 _x(035) _z772(035) |
||
| 080 |
_aФотографски процеси с използване на органични вещества _b773 _x(035) _z773(035) |
||
| 100 | 1 |
_aСимеонов, Васил Драгомиров _eпърви автор _9322294 |
|
| 139 |
_aСимеонов, Васил Драгомиров _bС 37 |
||
| 245 | 1 | 0 |
_aФотография без сребро _cВасил Драгомиров Симеонов. |
| 257 | _aBGR | ||
| 260 |
_аСофия _bТехника _c1986 _fВраца : В. Александров |
||
| 300 |
_a96 с. _bсъс сх., табл. _c20 см |
||
| 380 | _a7 | ||
| 500 | _a4 107 тир. | ||
| 650 | 4 |
_aФотография - процеси _9330313 |
|
| 653 | _aфотография | ||
| 653 | _aпроцеси | ||
| 653 | _aръководства | ||
| 653 | _aсребро | ||
| 852 | _aЦб 144765 | ||
| 856 | 4 |
_qpdf _u |
|
| 856 | 4 |
_qpdf _u |
|
| 942 |
_cKNG _n0 |
||
| 944 |
_aCR _c07.01.2014 _l07.01.2014 - от С1,Р / 07.01.2014 _kКамелия_Данева |
||
| 944 |
_aED _c27.07.2015 _l07.01.2014 - от С1,Р / 07.01.2014 _kИрена_Линкова |
||
| 999 |
_c149094 _d149094 |
||